LEADER 01417nam a2200325 u 4500 001 000000040905 003 CaOOAMICUS 005 20070226114144.0 008 980727s1995 it u000 u ita u 020 $a8814049343 035 $a10800791 040 $aMSA$bita$dPUL 041 1 $aita$heng 100 1 $aHallowell, John H.$0(OLS)http://pul/name/30144 240 10$aMoral foundation of democracy.$lItaliano.$0(OLS)http://pul/title/55171 245 13$aIl fondamento morale della democrazia /$cJohn H. Hallowell ; a cura di Marina Sallusti ; presentazione di Giuseppe Buttà. 260 $aMilano :$bGiuffrè,$c1995. 300 $axxiv, 154 p. ;$c21 cm 490 1 $aCiviltà del diritto ;$v57 650 4$aDemocrazia.$0(OLS)http://pul/subject/11947 700 1 $aSallusti, Marina.$0(OLS)http://pul/name/30145 700 1 $aButtà, Giuseppe.$0(OLS)http://pul/name/30140 830 0$aCiviltà del diritto ;$v57.$0(OLS)http://pul/title/13936 850 $aPUL 852 $aPUL$W1$xDP2 Diritto e Scienze Sociali 3$y110$m340 COLL 4.57$j175384$nBK-PRI$b $qDDC 21$B55499$CPULBib$Z2$F55499 $H85274 $81 941 1 $a9 961 $aPrecedente Collocazione: DCiv 94 57 996 $6020$a8814049343$9(OLS)http://pul/number/50816 996 $6245$aIl fondamento morale della democrazia$9(OLS)http://pul/title/55172 996 $6260$aMilano :$bGiuffrè$9(OLS)http://pul/publisher/48401 LEADER 01571nam a2200337 u 4500 001 000000053820 003 CaOOAMICUS 005 20070226115613.0 008 001122s1969 it u000 u ita u 035 $a10862080 040 $aPUL(R)$bita 041 1 $aita$hgrc 100 0 $aAristoteles,$d384-322 a.C.$0(OLS)http://pul/name/792 240 10$aProtrepticus$9(Aristoteles, 384-322 a.C.).$lItaliano.$0(OLS)http://pul/title/72184 245 10$aEsortazione alla filosofia :$b(protreptico) /$cAristotele ; introduzione, traduizione e commmento di Enrico Berti. 260 $aPadova :$bRADAR,$c1969. 300 $a157 p. ;$c20 cm 490 1 $aClassici della filosofia 504 $aNota critica e bibliografica p. 33. 600 04$aAristoteles,$d384-322 a.C.$xCritica e interpretazione.$0(OLS)http://pul/subject/434 700 1 $aBerti, Enrico,$d1935-$0(OLS)http://pul/name/112 830 0$aClassici della filosofia (RADAR).$0(OLS)http://pul/title/35251 850 $aPUL 852 $aPUL$W1$xDP1 Fondo Seidl$y56$m1 B 25$j41656$nBK-PRI$b $qFondi$B70943$CPULBib$Z2$F70943 $HPUL91352 $81 852 $aPUL$W1$xDP1 Fondo Giannini$y60$m1555 D 41$j70942$nBK-PRI$b $qFondi$B70942$CPULBib$Z2$F70942 $H $81 900 $aAristotle,$d 384-322 a.C.$9792 900 $aAristotele,$d384-322 a.C.$9792 941 1 $a1 961 $aINV: Fondo Giannini 996 $6245$aEsortazione alla filosofia :$b(protreptico)$9(OLS)http://pul/title/72185 996 $6260$aPadova :$bRADAR$9(OLS)http://pul/publisher/68647